Les confessions

Saved in:
Bibliografiske detaljer
Hovedforfatter: Rousseau, Jean Jacques (autor)
Format: Bog
Sprog:fransk
Udgivet: París Garnier Frères 1900
Fag:
Tags: Tilføj Tag
Ingen Tags, Vær først til at tagge denne postø!

MARC

LEADER 00000nam a2200000 a 4500
001 UCZ3263
003 CL-VaPUC
008 951020e19000000FR |||||||||||||||||fre|d
082 0 4 |a 921.4  |b ROU  |2 21 
100 |a Rousseau, Jean Jacques  |e autor  |9 255697 
245 1 4 |a Les confessions 
300 |a 656 p 
942 |c BK 
945 |d 19951020 00:00:00  |a cmena 
260 |a París  |b Garnier Frères  |c 1900 
650 0 |a Autobiografías   |9 265171 
650 0 |a Filosofía francesa   |9 255698 
650 0 |a Filósofos franceses  |9 314621 
583 |a last modification  |c 19951020 00:00:00  |k Rodrigo Vera 
999 |c 239754  |d 239752 
952 |0 0  |1 0  |4 0  |6 921_400000000000000_ROU_1900  |7 0  |8 P  |9 251133  |a BIBEDU  |b BIBEDU  |c BIBEDU_PB  |d 2019-11-18  |i 1584855  |o 921.4 ROU 1900  |p 1584855  |r 2024-01-25  |w 2019-11-18  |y BK  |k FIL